000 01478nam a22002177a 4500
999 _c62353
_d62353
003 Ge_BSU
005 20241008171633.0
008 241008s1976 ge ||||| |||| 00| 0 geo d
041 _ageo
080 _a821.353.1(092რუსთაველი, შ.) რ-93
245 _aრუსთველი მსოფლიო ლიტერატურაში :
_b[სტატიების კრებული]. წ. 1 /
_c შემდგ.: ლ. მენაბდე, ნ. ორლოვსკაია, შ. რევიშვილი, დ. ფანჩულიძე; [რედ. კოლ.: ა. ბარამიძე, ო. ბაქანიძე, ვ. გამყრელიძე და სხვ.] ; თსუ.
264 _aთბილისი :
_bთბილ. უნ-ტის გამ-ბა,
_c1976.
300 _a473 გვ. ;
_b22 სმ.
501 _a შენიშვნები: გვ. 408-461. საძიებლები: გვ: 462-474.
653 _aრუსთაველი, შოთა.
700 _aმენაბდე, ლ.,
_eშემდგენელი.
_914531
700 _aორლოვსკაია, ნ.,
_eშემდგენელი.
_91244
700 _aრევიშვილი, შ. და სხვ.
_eშემდგენელი.
_923356
710 _aთბილისის სახელმწიფო უნივერსიტეტი.
_923357
942 _2udc
_cᲬᲘᲒᲜᲘ